[Event "Castelnaudary C"]
[Site "Castelnaudary"]
[Date "2016.03.19"]
[Round "2"]
[White "Akbas, Furkan"]
[Black "Tourenne, Dominique"]
[Result "0-1"]
[WhiteElo "1470"]
[BlackElo "1604"]
[PlyCount "68"]
[EventDate "2016.03.19"]
[EventType "tourn"]
[EventRounds "5"]
[EventCountry "FRA"]
[SourceTitle "EXT 2024"]
[Source "ChessBase"]
[SourceDate "2023.10.10"]
[SourceVersion "1"]
[SourceVersionDate "2023.10.10"]
[SourceQuality "1"]

1. d4 Nf6 2. Nf3 e6 3. e3 b6 4. Bd3 Be7 5. Nbd2 d5 6. 0-0 0-0 7. Re1 Bb7 8. e4 dxe4 9. Nxe4 Nbd7 10. c4 c5 11. b3 Bxe4 12. Bxe4 Nxe4 13. Rxe4 Nf6 14. Rh4 cxd4 15. Rxd4 Qc7 16. Bf4 Qb7 17. Ne5 Rad8 18. Rxd8 Rxd8 19. Qc2 Nh5 20. Qc1 Nxf4 21. Qxf4 Bf6 22. Rc1 Qb8 23. Re1 Bxe5 24. Qg4 Bxh2+ 25. Kf1 Be5 26. Qh4 Rd4 27. Qe7 Bf6 28. Qb4 Qh2 29. Qa4 Rd8 30. Qxa7 Qh1+ 31. Ke2 Qxg2 32. Qxb6 Qg4+ 33. Kf1 Qh3+ 34. Ke2 Qd3# 0-1